000 00571nam a2200193Ia 4500
003 OSt
005 20250701153614.0
008 210210b1991 xxu||||| |||| 00| 0 eng d
040 _cAL
041 _aKannada
082 _a346K GAVN
100 _aGAUTHAM (S R).
_9140411
_dಗೌತಮ್ (ಎಸ್ ಆರ್)
245 _aNityajivanadalli kanunu.
_b ನಿತ್ಯ ಜೀವನದಲ್ಲಿ ಕಾನುನು
260 _aBengaluru
_bNavakarnataka Prakashana
_c1991
300 _avii,128
690 _aPrivate Law
_9140412
906 _a045356
942 _2ddc
_cBK
999 _c94922
_d94922